Análisis de los procesos de pensamietno y toma de decisiones interactivas de profesores de E.G.B. (Record no. 62391)

MARC details
000 -CABECERA
campo de control de longitud fija 00641nam a2200217 a 4500
005 - FECHA Y HORA DE LA ÚLTIMA TRANSACCIÓN
campo de control 20241120063721.0
008 - ELEMENTOS DE LONGITUD FIJA--INFORMACIÓN GENERAL
campo de control de longitud fija 991125n 000 0 spa u
035 ## - NÚMERO DE CONTROL DEL SISTEMA
Número de control de sistema UPN01000064036
100 1# - ASIENTO PRINCIPAL--NOMBRE PERSONAL
Nombre de persona Marcelo García, Carlos
9 (RLIN) 32073
222 ## - TÍTULO CLAVE
Título clave REVISTA ESPAÑOLA DE PEDAGOGIA
245 ## - MENCIÓN DE TÍTULO
Título Análisis de los procesos de pensamietno y toma de decisiones interactivas de profesores de E.G.B.
300 ## - DESCRIPCIÓN FÍSICA
Extensión 415-431
362 ## - FECHAS DE PUBLICACIÓN Y/O DESIGNACIÓN SECUENCIAL
Fecha de publicación y/o designación secuencial 1986 Año 44, no. 173, jul.
653 0# - TERMINO DE INDIZACION - NO CONTROLADO
Término no controlado COMPORTAMIENTO
653 0# - TERMINO DE INDIZACION - NO CONTROLADO
Término no controlado CONDUCTA
653 0# - TERMINO DE INDIZACION - NO CONTROLADO
Término no controlado MAESTROS
653 0# - TERMINO DE INDIZACION - NO CONTROLADO
Término no controlado PENSAMIENTO
653 0# - TERMINO DE INDIZACION - NO CONTROLADO
Término no controlado TOMA DE DECISIONES
904 ## - ELEMENTOS DE DATOS D LOCAL, LDD (RLIN)
a AC
b 001847
905 ## - TIPO DE MATERIAL
Tipo de material Articulo

No items available.